ADVANCED ALGEBRA (Record no. 216869)

MARC details
000 -LEADER
fixed length control field 00432nam a22001697a 4500
008 - FIXED-LENGTH DATA ELEMENTS--GENERAL INFORMATION
fixed length control field 260324b |||||||| |||| 00| 0 eng d
020 ## - INTERNATIONAL STANDARD BOOK NUMBER
International Standard Book Number 978-81-203-4737-3
050 ## - LIBRARY OF CONGRESS CALL NUMBER
Classification number QA 154-P35 2013
100 ## - MAIN ENTRY--PERSONAL NAME
Personal name MADHUMANGAL PAL
245 ## - TITLE STATEMENT
Title ADVANCED ALGEBRA
260 ## - PUBLICATION, DISTRIBUTION, ETC.
Place of publication, distribution, etc. DELHI
Name of publisher, distributor, etc. PHI LEARNING PRIVATE LIMITED
Date of publication, distribution, etc. 2013
300 ## - PHYSICAL DESCRIPTION
Extent X,620
500 ## - GENERAL NOTE
General note INCLUDES AN INDEX
650 ## - SUBJECT ADDED ENTRY
Topical term or geographic name entry element Algebra
942 ## - ADDED ENTRY ELEMENTS (KOHA)
Source of classification or shelving scheme Library of Congress Classification
Koha item type Long Loan Book
Holdings
Withdrawn status Lost status Source of classification or shelving scheme Damaged status Not for loan Collection Home library Current library Shelving location Date acquired Inventory number Total checkouts Full call number Barcode Date last seen Copy number Price effective from Koha item type
    Library of Congress Classification     Science & Technology Kisii University Library Kisii University Library On Display 03/24/2026 112532   QA 154-P35 2013 a001109 03/24/2026 C.3 03/24/2026 Long Loan Book
    Library of Congress Classification     Science & Technology Kisii University Library Kisii University Library On Display 03/24/2026 112531   QA 154-P35 2013 a001110 03/24/2026 C.2 03/24/2026 Long Loan Book
    Library of Congress Classification     Science & Technology Kisii University Library Kisii University Library On Display 03/24/2026 112530   QA 154-P35 2013   03/24/2026 C.1 03/24/2026 Long Loan Book
    Dewey Decimal Classification       Kisii University Library Kisii University Library   04/07/2026       a001107 04/07/2026   04/07/2026 Long Loan Book